Top 20 des streamers francophone - Statistiques

Statistiques générales
  • Ce quiz a été pris 176 fois
  • Le résultat moyen est 6 sur 20
Statistiques - réponses
Hint Réponse % Correct
1 Squeezie
93%
2 Gotaga
86%
11 Michou
66%
3 Aminematue
59%
9 Doigby
51%
5 Locklear
49%
10 Domingo
45%
13 RebeuDeter
42%
12 ZeratoR
42%
6 LeBouseuh
24%
20 Etoiles
20%
15 JLTomy
16%
14 Sardoche
13%
17 Mickalow
7%
16 WankilStudio
7%
7 Caméto
3%
4 SolaryFortnite
3%
19 kennyS
3%
8 LeKAIRI78
1%
18 SkyrrozTV
1%
Aucun quiz correspondant
Distribution des résultats
% des personnes avec chaque résultat
Percentile par nombre de réponses
Votre historique - résultats
Vous n’avez pas pris ce quiz